000 01420cab a22002174i 4500
001 768714001
003 CO-MdFUSB
005 20230112120116.0
008 161109s2000 gt ||||| |||| 00| 0 spa d
022 _a1014-9341
040 _aCO-MdFUSB
_cCO-MdFUSB
_dCO-MdFUSB
_bspa
041 _aspa
100 1 _aKasper, Roberto
_eautor
245 0 4 _aUna aplicación de los conceptos de la administración de calidad total a la educación teológica
_c/ Dr. Roberto Kasper
300 _aNúmero 27 (Julio - Diciembre, 2000), páginas 83-106
_c; 22 cm
520 _aLa Administración de Calidad Total ha producido resultados positivos en las industrias de Japón y Norte América. De ahí, ha sido adoptada por empresas de servicios y luego también por instituciones educativas. Los seminarios e institutos bíblicos de América Latina pueden beneficiarse implementando los principios de la ACT, incluyendo: establecer y reforzar calidad en el sistema, satisfacer al consumidor (el estudiante, la iglesia, el donador), incluir calidad en la visión de la institución, dar prioridad a la mejora continua, trabajar en equipos, involucrar a todos en el proceso y mantener la motivación mediante la entrega de poder a los trabajadores.
650 0 _9984
_aEducación
653 _aEducación teológica
773 0 _tKairós
_049489
_961196
_gNúmero 27 (Julio - Diciembre, 2000), páginas 83-106
_qpágina 83
942 _cANA
999 _c51239
_d51239